| 000 | 01106nam a2200301ua 4500 | ||
|---|---|---|---|
| 001 | 1351097 | ||
| 003 | CO-ViMGA | ||
| 005 | 20230915233612.0 | ||
| 008 | 120627s2012 ck a jr 0001j spa d | ||
| 020 | _a9789583040139 | ||
| 040 |
_aCO-ViMGA _bspa _cCO-ViMGA |
||
| 043 | _as-ck--- | ||
| 082 | 0 | 4 |
_aI915.04 B13m _221 _b B13m |
| 100 | 1 |
_aBailey, Gerry. _9721 |
|
| 245 | 1 | 3 |
_aEl monedero de seda de Marco Polo / _cGerry Bailey, Karen Foster ; ilustrador Leighton Noyes ; traductora Patricia Torres. |
| 250 | _aEditora Mireya Fonseca Leal. | ||
| 260 | 3 |
_aBogot :̀ _bPanamericana Editorial, _c2012. |
|
| 300 |
_a36 p. : _bil. ; _c26 cm. |
||
| 534 |
_pTítulo original : _tMarco Polo's silk purse. |
||
| 600 | 1 | 4 |
_aPolo, Marco, _d1254-1323? _v Literatura juvenil. _9732 |
| 650 | 1 | 4 |
_aExploradores _v Biografías _v Literatura juvenil. _9733 |
| 650 | 1 | 4 |
_aViajes medievales _v Literatura juvenil. _9734 |
| 700 | 1 |
_aFonseca Leal, Raquel Mireya, _eed. _953 |
|
| 700 | 1 |
_aFoster, Karen, _d1964- _9725 |
|
| 700 | 1 |
_aNoyes, Leighton, _eil. _9726 |
|
| 700 | 1 |
_aTorres, Patricia, _etr. _945 |
|
| 942 |
_2ddc _cBK |
||
| 999 |
_c37283 _d37283 |
||